000 00899nam a22002777a 4500
003 DO-SdBNP
005 20260321073644.0
007 ta
008 210903e2018 dr a|||er|||| 001 e spa d
020 _a9789945091359
040 _aDO-SdBNP
_bspa
_cBNPHU
082 4 _222
_a398.961
_bJ36m, 2018
100 1 _aJáquez Gil, René,
_d1950-
_919071
245 1 0 _aMáximas y aforismos de Juan Bosch /
_c René Jáquez Gil; Dionicio Peña, il.
250 _a2da. ampliada
260 _aSanto Domingo :
_bV Torres Corporán,
_c2018
300 _a197 p.:
_bil.;
_ccm
500 _aIncluye biografias en las cubiertas.
504 _aBibliografía: p. 175-197
590 _aInventariado 2021 / MF
600 1 0 _a Bosch, Juan,
_d1909-2001
_976555
650 4 _aMáximas
_914993
650 0 _xAforismos y apotegmas
_983268
700 1 2 _961959
_aPeña, Dionicio de Jesús,
_d1954-
_efotogr.
942 _2ddc
_cLF2
999 _c50411
_d50411